000 00482cam a2200181 4500
001 D4061
008 090401t1979 xxu||||| |||| 00| 0 eng d
035 _a(Sirsi) u76380
041 _aeng
050 _a914.212
100 _aGibson-Jarvie, Robert
245 4 _aThe city of London: a financial and commercial history
260 _aCambridge
_bWoodhead-Faulkner in association with Co
_c1979
300 _a128p. ill. 24cm
350 _a6.75
942 _n0
948 _c04/03/1997
999 _c96164
_d96164